Statistics for Teams That Have Won the F1 Constructors Championship

Click here to take the quiz!

General Stats

  • This quiz has been taken 77 times
  • The average score is 61 of 64

Answer Stats

YearEngine SupplierDriversConstructor% Correct
1990HondaAyrton Senna & Gerhard BergerMcLaren
100%
1974FordEmerson Fittipaldi, Denny Hulme, Mike Hailwood, David Hobbs & Jochen MassMcLaren
100%
1998MercedesDavid Coulthard & Mika HakkinenMcLaren
100%
1991HondaAyrton Senna & Gerhard BergerMcLaren
100%
1989HondaAyrton Senna & Alain ProstMcLaren
100%
1988HondaAlain Prost & Ayrton SennaMcLaren
100%
1985TAGNiki Lauda, Alain Prost & John WatsonMcLaren
100%
1984TAGAlain Prost & Niki LaudaMcLaren
100%
2020MercedesLewis Hamilton, Valtteri Bottas & George RussellMercedes
100%
2019MercedesLewis Hamilton & Valtteri BottasMercedes
100%
2018MercedesLewis Hamilton & Valtteri BottasMercedes
100%
2017MercedesLewis Hamilton & Valtteri BottasMercedes
100%
2016MercedesLewis Hamilton & Nico RosbergMercedes
100%
2015MercedesLewis Hamilton & Nico RosbergMercedes
100%
2014MercedesLewis Hamilton & Nico RosbergMercedes
100%
2021MercedesLewis Hamilton & Valtteri BottasMercedes
100%
2013RenaultSebastian Vettel & Mark WebberRed Bull
100%
2012RenaultSebastian Vettel & Mark WebberRed Bull
100%
2011RenaultSebastian Vettel & Mark WebberRed Bull
100%
2010RenaultSebastian Vettel & Mark WebberRed Bull
100%
2007FerrariKimi Raikkonen & Filipe MassaFerrari
98%
2000FerrariMichael Schumacher & Rubens BarrichelloFerrari
98%
2001FerrariMichael Schumacher & Rubens BarrichelloFerrari
98%
2002FerrariMichael Schumacher & Rubens BarrichelloFerrari
98%
2003FerrariMichael Schumacher & Rubens BarrichelloFerrari
98%
1964FerrariJohn Surtees & Lorenzo BandiniFerrari
98%
2004FerrariMichael Schumacher & Rubens BarrichelloFerrari
98%
1961FerrariPhil Hill & Wolfgang von TripsFerrari
98%
1975FerrariClay Regazzoni & Niki LaudaFerrari
98%
2008FerrariKimi Raikkonen & Filipe MassaFerrari
98%
1983FerrariPatrick Tambay & Rene ArnouxFerrari
98%
1982FerrariGilles Villeneuve, Didier Pironi, Patrick Tambay & Mario AndrettiFerrari
98%
1979FerrariJody Scheckter & Gilles VilleneuveFerrari
98%
1977FerrariNiki Lauda & Carlos ReutemannFerrari
98%
1976FerrariNiki Lauda & Clay RegazzoniFerrari
98%
1999FerrariMichael Schumacher, Eddie Irvine & Mika SaloFerrari
98%
2006RenaultFernando Alonso & Giancarlo FisichelloRenault
98%
2005RenaultFernando Alonso & Giancarlo FisichellaRenault
98%
1994RenaultDamon Hill, Ayrton Senna, David Coulthard & Nigel MansellWilliams
96%
1997RenaultJacques Villeneuve & Heinz-Herald FrentzenWilliams
96%
1986HondaNigel Mansell & Nelson PiquetWilliams
96%
1980FordAlan Jones & Carlos ReutemannWilliams
96%
1993RenaultDamon Hill & Alain ProstWilliams
96%
1992RenaultNigel Mansell & Riccardo PatreseWilliams
96%
1981FordAlan Jones & Carlos ReutemannWilliams
96%
1996RenaultDamon Hill & Jacques VilleneuveWilliams
96%
1987HondaNigel Mansell, Nelson Piquet & Riccardo PatreseWilliams
96%
1978FordMario Andretti & Ronnie PetersonLotus
94%
1972FordEmerson FittipaldiLotus
94%
1970FordJochen Rindt, Emerson Fittipaldi, Graham Hill & John MilesLotus
94%
1963ClimaxJim ClarkLotus
94%
1968FordGraham Hill, Jo Siffert, Jim Clark & Jackie OliverLotus
94%
1965ClimaxJim ClarkLotus
94%
1973FordEmerson Fittipaldi & Ronnie PetersonLotus
94%
2009MercedesJenson Button & Rubens BarrichelloBrawn
92%
1995RenaultMichael Schumacher & Johnny HerbertBenetton
90%
1967RepcoDenny Hulme & Jack BrabhamBrabham
78%
1966RepcoJack BrabhamBrabham
78%
1958VanwallStirling Moss & Tony BrooksVanwall
76%
1962BRMGraham HillBRM
74%
1959ClimaxJack Brabham, Stirling Moss & Bruce McLarenCooper
72%
1960ClimaxJack Brabham & Bruce McLarenCooper
72%
1971FordJackie Stewart & Fracois CevertTyrrell
70%
1969FordJackie Stewart & Jean-Pierre BeltoiseMatra
64%

Score Distribution

Percentile by Number Answered

Percent of People with Each Score

Your Score History

You have not taken this quiz